000 00540nam a2200181Ia 4500
005 20250923145850.0
008 008 250917s9999 xx 000 0 eng d
037 _aTextual
040 _aDSWL
_beng
_cDSWL
041 _aeng
_2eng
084 _aYX,Z1-z4;6-s,2, N92
_qDSWL
100 _aMehta, Nilima
_9839717
245 0 _aOurs by choice parenting through Head of Department adoption
_c by Nilima Mehta
260 _bN.A
_c1992
300 _a123p.
942 _cTEXL
_hYX,Z1-z4;6-s,2, N92
999 _c1456666
_d1456666